00461nam a2200169Ia 450000500170000000800410001702000140005804000190007204100120009108200110010310000140011424500330012826000850016130000120024665000230025885000100028120220531141748.0131103s9999 xx 000 0 und d a352315407 aLoreto College aEnglish aFbKEN aA.Kennedy aIn a far countrycKennedy,A. aLondonbA Star Book,published by the paperback Division of W.H.Allen & Co.c1984 a374 p.  aFiction in English aLCLIB